01008cam a22003378i 450000100090000000300040000900500170001300800410003001000170007102000190008802000240010702000250013104000230015604200080017905000220018708200200020910000230022924000440025224500710029625000130036726300090038026400520038930000280044133600260046933700280049533800270052365000390055065000370058970000260062670000180065220949635OSt20220407091327.0190426s2019 enk 000 0 eng  a 2019019678 a9781292245485  z9781292245508 (pdf) z9781292245539 (epub) aDLCbengerdacDLC apcc00aHD58.7b.M85 201900a658.4212bMULL1 aMullins, Laurie J.10aManagement and organisational behaviour10aOrganisational behaviour in the workplace /cBy Laurie J. Mullins. a12th ed. a1905 1aHarlow, England ;aNew York :bPearson,c[2019] aXxxv, 714p. ;c26.5 cm. atextbtxt2rdacontent aunmediatedbn2rdamedia avolumebnc2rdacarrier 0aOrganizational conflict and stress 0aLeadership in work organisations1 aMcLean, Jacqueline E.1 aScott, Peter.